Statistics for Osaka Kansai Airport (KIX) Destinations

Click here to take the quiz!

General Stats

  • This quiz has been taken 242 times
    (201 since last reset)
  • The average score is 57 of 105

Answer Stats

HintAnswer% Correct
Air Seoul, Asiana Airlines, Eastar Jet, Jeju Air, Jin Air, Korean Air, Peach, T'way AirlinesSeoul-Incheon
97%
Asiana Airlines, Jeju Air, Korean AirSeoul-Gimpo
96%
Air China, All Nippon Airways, China Eastern, Shenzhen AirlinesBeijing
94%
All Nippon Airways, Japan Airlines, StarflyerTokyo-Haneda
94%
Jetstar Japan, Peach, Spring Airlines Japan, Vanilla AirTokyo-Narita
94%
Scoot, Thai AirAsia XBangkok-Don Mueang
91%
Japan Airlines, Thai AirwaysBangkok-Suvarnabhumi
91%
Air India, All Nippon Airways, Cathay Pacific, Hong Kong Air, HK Express, Jetstar Japan, Peach,Hong Kong
91%
Cebu Pacific, Jetstar Asia, Jetstar Japan, Philippine AirlinesManila
91%
Air Busan, Eastar Jet, Jeju Air, Jin Air, Korean Air, Peach, T'way AirwaysBusan
90%
Jetstar Pacific, Vietnam AirlinesHanoi
90%
Air China, All Nippon Airways, China Eastern, China Southern, Japan Airlines, Juneyao Airlines, Peach, Shanghai Airlines, Spring AirlinesShanghai-Pudong
89%
All Nippon Airways, Japan Airlines, Jetstar JapanSapporo-Chitose
88%
All Nippon Airways, Garuda IndonesiaJakarta
87%
Cathay Pacific, China Airlines, EVA Air, Far Eastern Air Transport, Japan Airlines, Jetstar Asia, Jetstar Pacific, Peach, Philippine Airlines, Tigerair Taiwan, TransAsia, V Air, Vanilla AirTaipei-Taoyuan
87%
Jetstar Asia, Scoot, Singapore AirlinesSingapore
85%
Air FranceParis-Charles de Gaulle
84%
EmiratesDubai
83%
China SouthernGuangzhou
83%
QantasSydney
83%
KLMAmsterdam
82%
All Nippon Airways, Japan Airlines, Jetstar Japan, PeachNaha
82%
LufthansaFrankfurt
80%
AirAsia X, Delta, Hawaiian Airlines, Japan Airlines, ScootHonolulu
80%
Japan AirlinesLos Angeles
80%
Air IndiaMumbai
80%
Air New ZealandAuckland
79%
Air IndiaDelhi
79%
XiamenairXiamen
79%
UnitedSan Francisco
78%
All Nippon Airways, Japan Airlines, Jetstar Japan, PeachFukuoka
76%
Okay Airways, Spring Airlines, Tianjin AirlinesTianjin
76%
AirAsia X, Malaysia AirlinesKuala Lumpur
75%
Air China, Sichuan AirlinesChengdu
74%
Japan Airlines, Korean Air, T'way AirwaysJeju
74%
Spring Airlines, Tianjin AirlinesXi'an
74%
China Southern, Shenzhen AirlinesShenzhen
73%
Air MacauMacau
72%
Philippine AirlinesCebu
71%
Air Canada RougeVancouver
71%
FinnairHelsinki
70%
Spring AirlinesChongqing
69%
Vietnam AirlinesHo Chi Minh City
69%
Jetstar AirwaysMelbourne
69%
PeachSendai
66%
Spring AirlinesWuhan
64%
Air China, All Nippon Airways, Hainan Airlines, XiamenairHangzhou
63%
PeachNagasaki
60%
China Eastern, Juneyao AirlinesNanjing
60%
Beijing Capital Airlines, China Southern, Hainan AirlinesShenyang
59%
China SouthernHarbin
57%
Garuda IndonesiaDenpasar
56%
All Nippon Airways, China Eastern, Shandong Airlines, Spring AirlinesQingdao
56%
Myanmar Airways InternationalYangon
55%
Air Busan, T'way AirwaysDaegu
54%
S7Vladivostok
53%
Air China, All Nippon Airways, China Eastern, China Southern, Tianjin AirlinesDalian
52%
Shenzhen Airlines, Spring Airlines, XiamenairFuzhou
49%
PeachKagoshima
49%
Korean Air, T'way Airlines, UnitedGuam
47%
Jetstar PacificDa Nang
44%
China Airlines, EVA Air, Peach, Scoot, Tigerair TaiwanKaohsiung
44%
Shandong AirlinesUrumqi
44%
China Southern, Spring AirlinesZhengzhou
43%
China SouthernChangsha
41%
All Nippon AirwaysAomori
40%
Hainan AirlinesHaikou
40%
China EasternNanning
40%
PeachNiigata
39%
Jetstar JapanKumamoto
36%
China EasternWenzhou
35%
All Nippon Airways, Vanilla AirHakodate
34%
China AirlinesTainan
34%
West AirHefei
32%
All Nippon Airways, Japan Airlines, PeachIshigaki
31%
Far Eastern Air Transport, Japan AirlinesTaichung
31%
Shenzhen AirlinesWuxi
31%
Jetstar AirwaysCairns
30%
China Southern, Spring AirlinesChangchun
30%
PeachMiyazaki
30%
Beijing Capital Airlines, Shandong AirlinesJinan
29%
Jetstar JapanOita
29%
Asiana AirlinesSaipan
29%
PeachMatsuyama
27%
China EasternNingbo
27%
AircalinNoumea
27%
All Nippon AirwaysAsahikawa
23%
China SouthernGuilin
23%
China SouthernGuiyang
23%
Japan Airlines, Spring AirlinesShantou
22%
China SouthernSanya
20%
China EasternYantai
20%
Vanilla AirAmami Oshima
19%
Jetstar AsiaClark
19%
Hainan AirlinesNanchang
18%
All Nippon AirwaysWakkanai
17%
Spring AirlinesQuanzhou
15%
Asiana AirlinesKoror
13%
Shenzhen AirlinesNantong
12%
All Nippon AirwaysObihiro
12%
All Nippon AirwaysMemanbetsu
11%
Spring AirlinesYangzhou
10%
Spring AirlinesHuai'an
6%
China EasternYanji
6%
Japan AirlinesToyooka
1%

Score Distribution

Percentile by Number Answered

Percent of People with Each Score

Your Score History

You have not taken this quiz since the last reset